| 000 | 00700nam a22002297a 4500 | ||
|---|---|---|---|
| 003 | DO-SdBNP | ||
| 005 | 20180216111912.0 | ||
| 008 | 161206b 2005 mx a 00| 0 spa d | ||
| 020 | _a9687854774 | ||
| 040 |
_aBPMSU _bspa _cBPMSU |
||
| 082 | 4 |
_axxxxxx _bxxxxxx |
|
| 100 | 1 | _aLescano, Osvaldo Rubén | |
| 245 | 1 | 3 |
_aLa verguenza/ _cOsvaldo Rubén Lescano ; ilustraciones Maia Miller |
| 260 |
_aMéxico : _bEuroméxico, _bLexus, _c2005. |
||
| 300 |
_a23 p. : _bil., _c24 cm. |
||
| 490 | 1 | _aConociendo nuestras emociones | |
| 700 | 1 |
_aMiller, Maia, _eil. |
|
| 830 | 0 | _aConociendo nuestras emociones | |
| 942 |
_2ddc _cBK |
||
| 945 | _aInventariado, 2018 / BT | ||
| 956 |
_aBTAVÁREZ _b10 _d20160612 _fBPMSU _c0038 |
||
| 999 |
_c12301 _d12301 |
||